| 000 | 01076cam a22003137a 4500 | ||
|---|---|---|---|
| 003 | CHAP | ||
| 005 | 20220817044011.0 | ||
| 008 | 050225d2000 mx r 00110 spa d | ||
| 010 | _a89683 | ||
| 011 | _a90655 | ||
| 035 | _a101211 | ||
| 040 | _cCHAP | ||
| 082 | 0 | 4 |
_a782.42 _bC3 |
| 245 | 1 | 0 |
_aCancionero de Alvaro Carrillo : _bgeneración 1948-1954. 40 años de amistad _c/UACH |
| 260 |
_aChapingo, Méx. _bUACH, _c200?. |
||
| 300 | _a168 p. | ||
| 590 |
_aBATCH-UPD _b10 _c20130110 _lUCH01 _h1344 |
||
| 590 |
_aCONVERSION _b10 _c20130109 _lUCH01 _h1350 |
||
| 650 | 1 | 4 |
_aCancioneros. _918313 |
| 710 | 0 | _aUACH. | |
| 901 | _aBK | ||
| 905 | _aLilia | ||
| 942 | _cLIBRO | ||
| 949 |
_a782.42 C3 _bBC _cLIBRO _d337240002794 _eLIBRO _h105066 _i101211 _sb |
||
| 949 |
_a782.42 C3 _bBC _cLIBRO _d33724000932612 _eLIBRO _fc.4 _h105069 _i101211 _si |
||
| 949 |
_a782.42 C3 _bBC _cLIBRO _d33724000932679 _eLIBRO _fc.3 _h105068 _i101211 _sb |
||
| 949 |
_a782.42 C3 _bBC _cLIBRO _d33724000932737 _eLIBRO _fc.2 _h105067 _i101211 _sb |
||
| 949 |
_a782.42 C3 _bBC _cUACH _d33724000932554 _eUACH _fc.5 _h105070 _i101211 _sb |
||
| 999 |
_c89683 _d89683 |
||